000 01689nam a2200385 c 4500
003 BLK
005 20240430095101.0
008 180412b bul|||||r ||||||| ||bul||
010 _aKNG00002366000
040 _aBLK
041 _aBUL
_cBUL
080 _aИзобразителни изкуства и художествени занаяти
_b73/76
_x(497.2)(091)
_z73/76(497.2)(091)
080 _aАрхитектура
_b72
_x(497.2)(091)
_z72(497.2)(091)
100 _aТенев, Драган Димитров
_9244374
139 _aТенев, Драган
_bТ 48
245 1 0 _aВечно зеленото клонче
_b7 разказа за бълг. изобраз. изкуство и архитектура
_cДраган Димитров Тенев.
250 _a2. прераб. изд.
257 _aBGR
260 София
_bДамян Яков
_c1994
_fВраца : Полипринт
300 _a368 с.
_bс ил., 8 л. цв. ил., репрод.
_c20 см
380 _a7
500 _a1. изд. 1979 на изд. Отечество. - 5 000 тир.
650 4 _aИзобразително изкуство, българско - история
_9244375
650 4 _aАрхитектура, българска - история
_9244376
651 4 _aБългария
_9241624
653 _aизобразително изкуство
653 _aархитектура
653 _aистория на изкуството
852 _aЦб 179042
856 4 _qpdf
_u
856 4 _qpdf
_u
942 _cKNG
_n0
944 _aCR
_c15.01.2003
_k30560
_lГеновева Генчева
944 _aED
_c13.08.2015
_kСимона_Петрова
999 _c1528
_d1528